书目信息 |
| 题名: |
计算机电路与电子技术
|
|
| 作者: | 张玉环 著 | |
| 分册: | ||
| 出版信息: | 北京 机械工业出版社 2010.08 |
|
| 页数: | 165页 | |
| 开本: | 26cm | |
| 丛书名: | ||
| 单 册: | ||
| 中图分类: | TP331 | |
| 科图分类: | ||
| 主题词: | 电子数字计算机 | |
| 电子资源: | ||
| ISBN: | 978-7-111-17285-7 | |
| 000 | 00795 nam 000241 | |
| 001 | 0100018175 | |
| 005 | 20201023144127.62 | |
| 010 | @a978-7-111-17285-7@dCNY17.00 | |
| 100 | @a20111208d2010 em y0chiy0121 ea | |
| 101 | 0 | @achi |
| 102 | @aCN@b110000 | |
| 105 | @ay z 000yy | |
| 200 | 1 | @a计算机电路与电子技术@Aji suan ji dian lu yu dian zi ji shu@f张玉环著@Fzhang yu huan zhu |
| 210 | @a北京@c机械工业出版社@d2010.08 | |
| 215 | @a165页@d26cm | |
| 330 | @a本书以器件及其应用为主,增加了集成电路芯片的介绍,包括芯片型号、逻辑符号、管脚排列图、功能表和常见的应用电路等。 | |
| 540 | @a计算机电路与电子技术 | |
| 606 | 0 | @a电子数字计算机 |
| 690 | @aTP331@v4 | |
| 701 | 0 | @a张玉环@Azhang yu huan@4著 |
| 801 | 0 | @aCN@bDYGS@c20101115 |
| 901 | @a211124 | |
| 905 | @b1070491-3@dTP331@eZ230@f3 | |
| 计算机电路与电子技术/张玉环著.-北京:机械工业出版社,2010.08 |
| 165页;26cm |
| ISBN 978-7-111-17285-7:CNY17.00 |
| 本书以器件及其应用为主,增加了集成电路芯片的介绍,包括芯片型号、逻辑符号、管脚排列图、功能表和常见的应用电路等。 |
| ● |
| 相关链接 |
|
|
|
正题名:计算机电路与电子技术
索取号:TP331/Z230
 
预约/预借
| 序号 | 登录号 | 条形码 | 馆藏地/架位号 | 状态 | 备注 |
| 1 | 1070491 | 210704914 | 自科库301/301自科库 60排5列4层/ [索取号:TP331/Z230] | 在馆 | |
| 2 | 1070492 | 210704923 | 自科库301/301自科库 60排5列4层/ [索取号:TP331/Z230] | 在馆 | |
| 3 | 1070493 | 210704932 | 自科库301/404自科库 10排5列1层/ [索取号:TP331/Z230] | 在馆 | |
| 4 | 1453352 | 214533520 | 自科二线404/301自科库 54排1列2层/ [索取号:TP331/Z230] | 在馆 |